| 000 | 00916nam a2200277Ia 4500 | ||
|---|---|---|---|
| 008 | 130821s2007 mx gr spa | ||
| 020 | _a9789706130563 | ||
| 040 |
_aCo-BoUCM _bspa |
||
| 041 | 0 | 0 | _aspa |
| 100 | 1 |
_aLeithold, Louis _9163670 |
|
| 245 | 1 | 0 |
_aMatemáticas previas al cálculo funciones, gráficas y geometría analítica _cLouis Leithold |
| 250 | _a3a. ed. | ||
| 260 |
_aMéxico D.F. (México) _bOxford _c2007 |
||
| 300 | _a[1 volumen] | ||
| 504 | _aIncluye bibliografía. | ||
| 650 | 0 | 4 |
_aAnálisis matemático _99008 |
| 650 | 0 | 4 |
_aCálculo _910288 |
| 650 | 0 | 4 |
_aEcuaciones _913733 |
| 650 | 0 | 4 |
_aFunciones _916196 |
| 650 | 0 | 4 |
_aMatemáticas _919031 |
| 650 | 0 | 4 |
_aMatemáticas _vProblemas, ejercicios, etc. _9276 |
| 650 | 0 | 4 |
_aTrigonometría _925893 |
| 700 | 1 |
_aMata González, Fidencio _etrad. _9165358 |
|
| 942 |
_cLIBRO _a25 _e3 _mL533m _2DEWEY _h512.1 |
||
| 999 |
_c61085 _d61085 |
||